000
00319nam a22001457a 4500
020
_a
8172141564
041
_a
ENG
082
_a
227.207
_b
HAR
100
_a
Hargreaves John
245
_a
A Guide to 1 Corinthians
260
_a
Delhi
_b
ISPCK
_c
2018
300
_a
243
650
_a
Bible.--Corinthians, 1st
942
_c
BK
999
_c
22902
_d
22902